BIBLIOTHÈQUE DE LA MAISON DU MEXIQUE

Logo 1 Logo 2

Estudios de semántica social (notice nᵒ 6613)

détails MARC
000 -Sello discográfico
campo de control de longitud fija 00972nam a2200313 4500
005 - Identificación de versión
campo de control 20251209120341.0
010 ## - Número Estándar Internacional de Libros (ISBN)
Número (ISBN) 968-12-0873-0
099 ## - fechas locales
Tipo de ítem Koha LIBRO
100 ## - Datos de procesamiento general
Datos de procesamiento general 20230707d1999 m y1spay5003 ba
105 ## - Campo de datos codificados: Material textual, monográfico
Datos codificados de monografía a 001zy
200 1# - Título y mención de responsabilidad
Título propio Estudios de semántica social
Designación general del material texto impreso
Primer mención de responsabilidad Raúl Avila
205 ## - Declaración de edición
Declaración de edición 1a ed
210 ## - Publicación, distribución, etc.
Lugar de publicación, distribución, etc. México
Nombre del editor, distribuidor, etc. El Colegio de México, Centro de Estudios Lingüísticos y Literarios
Fecha de publicación, distribución, etc. 1999
215 ## - Descripción física
Designación de material específico y extensión del ítem 219 p
Otras características físicas il.
Dimensiones 17 cm
345 ## - Nota de información de adquisición
Fuente de adquisición/dirección de la suscripción [OBSOLETO] Donación
410 #1 - Series
Título Jornadas
Número de volumen 130
606 ## - Término temático usado como materia
Elemento de entrada Español en México
Número Koha 12333
606 ## - Término temático usado como materia
Elemento de entrada Semántica
Número Koha 12537
606 ## - Término temático usado como materia
Elemento de entrada Sociolingüística
Número Koha 7585
660 ## - Código de área geográfica
Código MX
700 ## - Nombre personal - Responsabilidad primaria
Elemento de entrada Avila Sánchez
Parte del nombre distinta del elemento de entrada Francisco Raúl
Fechas 1937-
Número Koha 12346
801 #0 - Fuente de origen
País FR
Agencia cm
Reglas de catalogación (convenciones descriptivas) AFNOR
900 ## -
-- 1/22177
900 ## -
-- 7100417642\080104
942 ## - ELEMENTOS DE ENTRADA SECUNDARIOS (KOHA)
Tipo de ítem Koha Livre
996 ## -
-- MEX
-- 751145101
-- MMAG
-- 008183
-- 308 J82 V.130
-- 20230707LIV
Exemplaires
Estatus retirado Estado de daño Estado de pérdida Fecha de adquisición Biblioteca de origen Biblioteca actual Ubicación en estantería Código de barras Precio de reemplazo Signatura topográfica completa No para préstamo Tipo de ítem Koha Nota pública Nota no pública
      05/08/2025 Casa México Paris Casa México Paris   008183 05/08/2025 308 J82 V.130   Livre 20230707LIV 751145101